000 00270nam a2200121Ia 4500
008 190216s9999||||xx |||||||||||||| ||und||
100 _aRaghava Varier
245 0 _aAbhinjaanam
260 _bPoorna Pubs Kozhikode
300 _a127
650 _aMalayalam
942 _cBK
999 _c26942
_d26942